Frances McDormand Movies Quiz Stats

 Plays Quiz Updated Mar 28, 2018

Challenge
Share
Tweet
Embed
Score 0/41 Timer 06:00
0 Plays Today
Year Movie % Correct
1996Fargo
95.6%
2017Three Billboards Outside Ebbing, Missouri
71.9%
2008Burn After Reading
56.7%
1984Blood Simple.
51.5%
2000Almost Famous
43.1%
1987Raising Arizona
42.2%
1988Mississippi Burning
26%
2001The Man Who Wasn't There
25.3%
2016Hail, Caesar!
25.2%
2005North Country
23.1%
2012Moonrise Kingdom
21.1%
1998Madeline
18.9%
2018Isle of Dogs
18.8%
2000Wonder Boys
18.8%
2003Something's Gotta Give
17.2%
2008Miss Pettigrew Lives for a Day
16%
2002Laurel Canyon
15.2%
1996Primal Fear
15.1%
1990Darkman
13.6%
2011Transformers: Dark of the Moon
12.9%
2006Friends with Money
11.9%
Year Movie % Correct
2012Madagascar 3: Europe's Most Wanted
11.2%
1993Short Cuts
11.1%
2015The Good Dinosaur
11%
2005Aeon Flux
9.9%
1996Lone Star
9.4%
2012Promised Land
9.1%
2002City by the Sea
8.9%
1997Paradise Road
7.9%
1985Crimewave
7.9%
2011This Must Be the Place
7.2%
1991The Butcher's Wife
6.7%
1990Hidden Agenda
6.6%
1995Beyond Rangoon
5.7%
1995Palookaville
5.4%
1998Johnny Skidmarks
5.4%
1989Chattahoochee
5.1%
1992Passed Away
5.1%
1998Talk of Angels
5%
1994Bleeding Hearts
4.2%
1996Plain Pleasures
2.7%

You're not logged in!

Compare scores with friends on all Sporcle quizzes.
OR
Log In

You Might Also Like...

Show Comments

Extras

Top Quizzes Today


Score Distribution

Your Account Isn't Verified!

In order to create a playlist on Sporcle, you need to verify the email address you used during registration. Go to your Sporcle Settings to finish the process.

Report this User

Report this user for behavior that violates our Community Guidelines.

Details: